| 000 | 00830cab a2200277 4500 | ||
|---|---|---|---|
| 001 | W3629 | ||
| 008 | 090401t1992 xxu||||| |||| 00| 0 eng d | ||
| 035 | _a(Sirsi) u63180 | ||
| 041 | _aeng | ||
| 245 | _aRICS conservation awards | ||
| 260 | _c1992 | ||
| 350 | _a0 | ||
| 490 |
_aRICS Press Release _v(PR144b/92) 22 October 1992 (3) |
||
| 520 | _aThe West Doorway of King`s College Chapel, Cambridge, has won the Craftsmanship in Conservation Award in the national competition organised by the RICS. | ||
| 650 | _aAWARDS | ||
| 650 | _aCAMBRIDGE | ||
| 650 | _aCRAFTSMANSHIP IN CONSERVATION | ||
| 650 | _aKINGS COLLEGE | ||
| 650 | _aRESTORATION | ||
| 650 | _aRICS | ||
| 690 | _aBUILT ENVIRONMENT-CONSTRUCTION DESIGN | ||
| 690 | _aCONSERVATION | ||
| 690 |
_aEnvironment _96238 |
||
| 942 | _n0 | ||
| 948 | _c04/03/1997 | ||
| 999 |
_c39282 _d39282 |
||